Luton Airport Destinations (London, UK) - Statistics

General Stats
  • This quiz has been taken 226 times
    110 since last reset
  • The average score is 95 of 133
Answer Stats
Airline Destinaton % Correct
easyJet Paris (Charles de Gaulle)
98%
easyJet Lisbon
95%
easyJet/Ryanair/Wizz Air Athens
93%
easyJet/Ryanair/Wizz Air Barcelona
93%
easyJet Berlin
93%
Ryanair Dublin
93%
easyJet/Wizz Air Milan (Malpensa)
93%
Wizz Air Venice
93%
easyJet Amsterdam
90%
Wizz Air Budapest
90%
easyJet Nice
90%
easyJet Porto
90%
Wizz Air Vienna
90%
easyJet Zürich
90%
easyJet Aberdeen
88%
Wizz Air Bucharest (Băneasa)
88%
Wizz Air Bucharest (Otopeni)
88%
easyJet Geneva
88%
Wizz Air Istanbul
88%
easyJet Lyon
88%
easyJet/Wizz Air Madrid
88%
easyJet/Ryanair Naples
88%
Wizz Air Rome (Fiumicino)
88%
easyJet/El Al/Israir/Wizz Air Tel Aviv
88%
Wizz Air Warsaw (Chopin)
88%
Ryanair Cork
85%
easyJet/Jet2.com/Ryanair Faro
85%
Ryanair/Wizz Air Kraków
85%
Wizz Air Sofia
85%
easyJet/Jet2.com/Ryanair Alicante
83%
easyJet Belfast (City)
83%
easyJet Belfast (International)
83%
Ryanair Bologna
83%
easyJet Edinburgh
83%
easyJet/Jet2.com Ibiza
83%
easyJet Isle of Man
83%
easyJet/Ryanair Málaga
83%
easyJet/Jet2.com/SunExpress/Wizz Air Antalya
80%
easyJet Basel/Mulhouse
80%
Wizz Air Belgrade
80%
easyJet Glasgow
80%
easyJet/Jet2.com/Ryanair/TUI Airways/Wizz Air Palma de Mallorca
80%
Wizz Air Poznań
80%
easyJet/Wizz Air Prague
80%
easyJet/Wizz Air Split
80%
easyJet/Jet2.com/Ryanair/TUI Airways Tenerife (South)
80%
easyJet/Ryanair Turin
80%
Wizz Air Bilbao
78%
easyJet Bordeaux
78%
Wizz Air Bratislava
78%
easyJet/Ryanair Catania
78%
easyJet/Jet2.com/TUI Airways Corfu
78%
Wizz Air Dubrovnik
78%
Wizz Air Gdańsk
78%
easyJet/Jet2.com/Ryanair Gran Canaria
78%
easyJet/Jet2.com Heraklion
78%
easyJet İzmir
78%
Jet2.com/TUI Airways Kos
78%
Ryanair Malta
78%
easyJet Marrakesh
78%
easyJet Palermo
78%
easyJet Salzburg
78%
Ryanair/Wizz Air Seville
78%
Wizz Air Tirana
78%
Ryanair/Wizz Air Wrocław
78%
easyJet/TUI Airways Innsbruck
75%
easyJet Jersey
75%
Wizz Air Tallinn
75%
Ryanair/Wizz Air Vilnius
75%
Wizz Air Cluj-Napoca
73%
easyJet/Jet2.com Funchal
73%
Wizz Air Katowice
73%
easyJet/Wizz Air Larnaca
73%
easyJet/Jet2.com Menorca
73%
easyJet/TUI Airways Paphos
73%
easyJet/Jet2.com/TUI Airways Rhodes
73%
Wizz Air Skopje
73%
Wizz Air Valencia
73%
Wizz Air Varna
73%
Ryanair/Wizz Air Burgas
70%
easyJet Chania
70%
FlyOne/Wizz Air Chișinău
70%
easyJet/Wizz Air Hurghada
70%
easyJet/Jet2.com/Ryanair/TUI Airways Lanzarote
70%
easyJet Reykjavík
70%
easyJet/Jet2.com Zakynthos
70%
easyJet Agadir
68%
easyJet/Jet2.com/TUI Airways/Wizz Air Dalaman
68%
easyJet/Jet2.com/Ryanair Fuerteventura
68%
Wizz Air Iași
68%
easyJet Inverness
68%
Ryanair/Wizz Air Lublin
68%
easyJet/Wizz Air Sharm El Sheikh
68%
Wizz Air Amman (Queen Alia)
65%
easyJet Bodrum
65%
Ryanair/Wizz Air Kaunas
65%
Wizz Air Plovdiv
65%
Wizz Air Pristina
65%
Jet2.com Verona
65%
easyJet Almería
63%
easyJet Djerba
63%
Jet2.com Girona
63%
easyJet/Ryanair/Wizz Air Grenoble
63%
easyJet Olbia
63%
easyJet Pisa
63%
easyJet Pula
63%
easyJet Tivat
63%
Wizz Air Debrecen
58%
easyJet/TUI Airways Enfidha
58%
easyJet/Ryanair Murcia
58%
Jet2.com Preveza/Lefkada
58%
Wizz Air Košice
55%
easyJet Tbilisi
55%
Wizz Air Timișoara
55%
Dan Air/Wizz Air Bacău
53%
Ryanair Knock
53%
Jet2.com/TUI Airways Skiathos
53%
Wizz Air Tromsø
53%
easyJet/Jet2.com Reus
50%
Ryanair Rzeszów
50%
Wizz Air Constanța
48%
easyJet Rovaniemi
48%
Wizz Air Brașov
45%
Ryanair Kerry
45%
Ryanair Treviso
45%
Wizz Air Craiova
43%
Wizz Air Sibiu
43%
Ryanair Bydgoszcz
40%
Wizz Air Poprad (Tatry)
40%
easyJet/Wizz Air Giza
35%
Wizz Air Suceava
35%
Ryanair Béziers
23%
Wizz Air Satu Mare
20%
No matching quizzes found
Score Distribution
Percent of People with Each Score
Percentile by Number Answered
Your Score History
You have not taken this quiz since the last reset